000 00471nam a2200181Ia 4500
001 9105
005 20260306160659.0
008 260306t2018||||xx |||||||||||||| ||spa||
041 _aESP
082 _a372.66
_bG15
100 _aGallo Castro, Claudia Patricia
_eAUT
245 0 _aPedagogía para pensar:
_buna propuesta desde la danza y el teatro
260 _c2018
300 _a106 páginas :
_c24 cm.
650 _aGEN
654 _aCED
942 _cLIB
_dJUS
_fJUS
_2ddc
_n
999 _c9105
_d9105